00319nam a2200133Ia 4500008004100000020001500041041001200056082001600068100001200084245004000096260002500136300000800161650001600169221030s9999 xx 000 0 und d a0074632043 aEnglish a105.23bJai aS. Jain 0aWindows 3.1 Made Simplecby S. Jain bTMHaNew Delhic1998 a338 aBE Computer